Bài tập tin học 11
Nội dung tài liệu gồm 6 chương về lập trình, ngôn ngữ lập trình, dữ liệu, cấu trúc dữ liệu
Sparad:
| Huvudupphovsman: | |
|---|---|
| Materialtyp: | Bok |
| Språk: | Undetermined |
| Publicerad: |
Hà Nội
Giáo dục Việt Nam
2010
|
| Ämnen: | |
| Taggar: |
Lägg till en tagg
Inga taggar, Lägg till första taggen!
|
| Thư viện lưu trữ: | Trung tâm Học liệu Trường Đại học Cần Thơ |
|---|
| LEADER | 00771nam a2200217Ia 4500 | ||
|---|---|---|---|
| 001 | CTU_191306 | ||
| 008 | 210402s9999 xx 000 0 und d | ||
| 020 | |c 26000 | ||
| 082 | |a 005.076 | ||
| 082 | |b Ch513 | ||
| 100 | |a Lê, Viết Chung | ||
| 245 | 0 | |a Bài tập tin học 11 | |
| 245 | 0 | |c Lê Viết Chung, Nguyễn Lê Trí Toàn | |
| 260 | |a Hà Nội | ||
| 260 | |b Giáo dục Việt Nam | ||
| 260 | |c 2010 | ||
| 520 | |a Nội dung tài liệu gồm 6 chương về lập trình, ngôn ngữ lập trình, dữ liệu, cấu trúc dữ liệu | ||
| 650 | |a Information technology | ||
| 650 | |x Study and teaching (Secondary) | ||
| 904 | |i Bằng | ||
| 980 | |a Trung tâm Học liệu Trường Đại học Cần Thơ | ||